[Event "Strmilov 2004"]
[Site "?"]
[Date "2004.05.09"]
[Round "9"]
[White "Cifka, Stanislav"]
[Black "Blazek, Jiri"]
[Result "1-0"]
[WhiteElo "2262"]
[BlackElo "2173"]
[PlyCount "73"]

1. d4 Nf6 2. c4 c5 3. d5 e6 4. Nc3 exd5 5. cxd5 d6 6. Nf3 g6 7. Nd2 Bg7 8. e4
O-O 9. Be2 Re8 10. O-O Na6 11. Re1 Nc7 12. a4 b6 13. Bf1 Ng4 14. Nf3 f5 15. Bg5
Bf6 16. Bxf6 Qxf6 17. Qd2 Bb7 18. Bb5 Nxb5 19. axb5 f4 20. Ra4 a6 21. bxa6 Rxa6
22. Rea1 Rea8 23. Qe2 Rxa4 24. Rxa4 Rb8 25. Ra7 Bc8 26. Qb5 Qd8 27. Ng5 Ne5 28.
Ne6 Bxe6 29. dxe6 Qe8 30. Nd5 Qxe6 31. Re7 Qc8 32. Nf6+ Kf8 33. Rxh7 Qe6 34.
Rh8+ Kg7 35. Rxb8 Kxf6 36. Qxb6 f3 37. Qd8+ 1-0

[Event "Strmilov 2004"]
[Site "?"]
[Date "2004.05.09"]
[Round "9"]
[White "Cvek, Robert"]
[Black "Piza, Vlastimil"]
[Result "1-0"]
[WhiteElo "2467"]
[BlackElo "2278"]
[PlyCount "51"]

1. Nf3 Nf6 2. c4 e6 3. Nc3 d5 4. d4 Be7 5. Bg5 h6 6. Bh4 O-O 7. e3 b6 8. Be2
Bb7 9. O-O dxc4 10. Bxc4 Nbd7 11. Qe2 Ne4 12. Bg3 Nxg3 13. hxg3 c5 14. Rad1 Qc8
15. d5 exd5 16. Nxd5 Re8 17. Nf4 Bf6 18. Nh5 Re7 19. Rd6 Be5 20. Rd2 Qc7 21.
Nh4 Be4 22. Qg4 Bh7 23. f4 g5 24. fxg5 Kh8 25. Rxf7 Rxf7 26. Bxf7 1-0

[Event "Strmilov 2004"]
[Site "?"]
[Date "2004.05.09"]
[Round "9"]
[White "Ducho, Pavel"]
[Black "Malirsky, Josef"]
[Result "1-0"]
[WhiteElo "1471"]
[BlackElo "1477"]
[PlyCount "61"]

1. e4 c5 2. Nf3 Nf6 3. Nc3 e6 4. d4 cxd4 5. Nxd4 Bb4 6. e5 Nd5 7. Qg4 Nxc3 8.
Qxg7 Rf8 9. Bd2 Nd5 10. c3 Be7 11. Bh6 d6 12. Bb5+ Nd7 13. exd6 Bxd6 14. Qxh7
N5f6 15. Qd3 Rh8 16. Bg5 Be7 17. O-O-O Kf8 18. f4 Ng4 19. Qg3 Ngf6 20. Rhe1 Nh5
21. Qg4 Bxg5 22. fxg5 Qc7 23. Nxe6+ fxe6 24. Qxe6 Qf4+ 25. Kb1 Qxg5 26. Qe8+
Kg7 27. Re7+ Qxe7 28. Qxe7+ Kh6 29. Rd6+ Ndf6 30. Rxf6+ Nxf6 31. Qxf6+ 1-0

[Event "Strmilov 2004"]
[Site "?"]
[Date "2004.05.09"]
[Round "9"]
[White "Gross, David"]
[Black "Cernousek, Lukas"]
[Result "1/2-1/2"]
[WhiteElo "2413"]
[BlackElo "2387"]
[PlyCount "68"]

1. e4 c5 2. Nf3 d6 3. d4 Nf6 4. Nc3 cxd4 5. Nxd4 g6 6. Be3 Bg7 7. f3 O-O 8. Qd2
Nc6 9. O-O-O d5 10. exd5 Nxd5 11. Nxc6 bxc6 12. Nxd5 cxd5 13. Qxd5 Qc7 14. Qc5
Qb7 15. Qb5 Qxb5 16. Bxb5 Rb8 17. Bc4 Bxb2+ 18. Kd2 a5 19. Bb3 Bf5 20. g4 Bd7
21. Ke2 Bc6 22. a4 Rfc8 23. h4 Bc3 24. Bd4 Bb7 25. h5 g5 26. h6 Bxd4 27. Rxd4
Kf8 28. Rhd1 Ke8 29. Ke3 Rc6 30. Bd5 Rc3+ 31. R1d3 Rxd3+ 32. Rxd3 e6 33. Bxb7
Rxb7 34. Rc3 Rb4 1/2-1/2

[Event "Strmilov 2004"]
[Site "?"]
[Date "2004.05.09"]
[Round "9"]
[White "Havlik, Jan"]
[Black "Lechtynsky, Jiri"]
[Result "0-1"]
[WhiteElo "2121"]
[BlackElo "2431"]
[PlyCount "62"]

1. e4 c6 2. d4 d5 3. exd5 cxd5 4. Bd3 Nf6 5. c3 Nc6 6. Bf4 a6 7. h3 e6 8. Nf3
Be7 9. Nbd2 O-O 10. O-O Bd7 11. Re1 Rc8 12. Ne5 Be8 13. Ndf3 Na5 14. Bb1 Nc4
15. Bg5 Nd6 16. Nd2 b5 17. f3 Bc6 18. Nb3 Nb7 19. Qd3 g6 20. Bh6 Re8 21. Qe2
Bd7 22. Bd3 Qb6 23. a3 Red8 24. Nxd7 Nxd7 25. Bf4 Nd6 26. Kh1 Nc4 27. Reb1 Bf6
28. Nd2 Nxb2 29. Rxb2 Rxc3 30. Be5 Bxe5 31. dxe5 Qd4 0-1

[Event "Strmilov 2004"]
[Site "?"]
[Date "2004.05.09"]
[Round "9"]
[White "Havluj, Zdenek"]
[Black "Petkov, Andon"]
[Result "0-1"]
[WhiteElo "1958"]
[BlackElo "1770"]
[PlyCount "66"]

1. e4 d5 2. exd5 Qxd5 3. Nc3 Qa5 4. Bc4 Nf6 5. d3 Nc6 6. Bd2 Qe5+ 7. Nge2 Bg4
8. f3 Bh5 9. Bf4 Qa5 10. a3 a6 11. b4 Qb6 12. Na4 Qa7 13. Bxc7 b5 14. Nb6 Rc8
15. Nxc8 Qxc7 16. Nxe7 Bxe7 17. Bb3 O-O 18. O-O Bd6 19. g3 Ne5 20. Nf4 Nxf3+
21. Rxf3 Bxf4 22. gxf4 Qb6+ 23. Kg2 Qc6 24. Kg3 Qd7 25. h3 Rc8 26. Qh1 Bxf3 27.
Qxf3 Qd4 28. c3 Qxc3 29. Rb1 Qd4 30. Kg2 g6 31. f5 Kg7 32. fxg6 hxg6 33. Rf1
Rc3 0-1

[Event "Strmilov 2004"]
[Site "?"]
[Date "2004.05.09"]
[Round "9"]
[White "Hejl, Jaroslav"]
[Black "Volf, Miloslav"]
[Result "1-0"]
[WhiteElo "1872"]
[BlackElo "1475"]
[PlyCount "87"]

1. d4 d5 2. c4 e6 3. cxd5 exd5 4. Nc3 c6 5. Nf3 Nf6 6. Bg5 Be7 7. e3 Bf5 8. Nh4
Bg6 9. Nxg6 fxg6 10. Qb3 Qb6 11. Qxb6 axb6 12. Bd3 Nbd7 13. O-O O-O 14. f3 Bb4
15. e4 Bxc3 16. bxc3 Ra3 17. Rfc1 Ne8 18. Be7 Ra8 19. Bxf8 Kxf8 20. a4 Nc7 21.
Kf2 Kf7 22. Rcb1 Ke6 23. c4 dxe4 24. fxe4 c5 25. d5+ Ke5 26. a5 Na6 27. axb6
Kd4 28. Bc2 Rf8+ 29. Ke2 Nb4 30. Rd1+ Kc3 31. Bd3 Ne5 32. Rac1+ Kb2 33. Bb1 Ng4
34. Rf1 Ra8 35. Rcd1 Kc3 36. Rf7 Kxc4 37. Rxb7 Ra3 38. Ra7 Re3+ 39. Kd2 Kd4 40.
b7 Nf2 41. b8=Q Nxe4+ 42. Bxe4 Rxe4 43. Kc1+ Kc4 44. d6 1-0

[Event "Strmilov 2004"]
[Site "?"]
[Date "2004.05.09"]
[Round "9"]
[White "Horak, Karel"]
[Black "Ruzicka, Tomas"]
[Result "0-1"]
[WhiteElo "1709"]
[BlackElo "1519"]
[PlyCount "70"]

1. d4 d5 2. c4 c6 3. cxd5 cxd5 4. Nc3 e6 5. Nf3 Bd6 6. Bg5 Ne7 7. e3 O-O 8. Bd3
Nbc6 9. Rc1 a6 10. O-O Bd7 11. e4 f6 12. Bh4 Be8 13. exd5 exd5 14. Re1 Bh5 15.
Qc2 Bxf3 16. gxf3 h6 17. Ne2 Rc8 18. Qb3 Qd7 19. Bg3 g5 20. Bb1 f5 21. Bxd6
Qxd6 22. Qxb7 Rb8 23. Qxa6 Rxb2 24. Ng3 Qd7 25. Rxe7 Nxe7 26. Qxh6 Kf7 27. Qxg5
Rg8 28. Qf4 Qe6 29. Bd3 Rxa2 30. Kf1 Rh8 31. Re1 Qf6 32. Rc1 Rxh2 33. Ne2 Rh4
34. Qe5 Qg5 35. Qg3 Qh6 0-1

[Event "Strmilov 2004"]
[Site "?"]
[Date "2004.05.09"]
[Round "9"]
[White "Karlicek, Pavel"]
[Black "Snorek, Milan"]
[Result "1-0"]
[WhiteElo "1953"]
[BlackElo "2164"]
[PlyCount "57"]

1. e4 e5 2. Nc3 Nf6 3. f4 d5 4. fxe5 Nxe4 5. d3 Nxc3 6. bxc3 Be7 7. Nf3 f6 8.
exf6 Bxf6 9. d4 O-O 10. Be2 Bh4+ 11. g3 Be7 12. O-O Bh3 13. Re1 Nd7 14. c4 c6
15. Rb1 b6 16. cxd5 cxd5 17. c4 Bd6 18. Ng5 Bf5 19. Bd3 Qf6 20. Bc2 h6 21. Rf1
Qg6 22. Rxf5 Rxf5 23. g4 Bxh2+ 24. Kg2 Qd6 25. Bxf5 Qg3+ 26. Kh1 Re8 27. Be6+
Kh8 28. Rb3 Qf2 29. Rb2 1-0

[Event "Strmilov 2004"]
[Site "?"]
[Date "2004.05.09"]
[Round "9"]
[White "Kellner, Petr"]
[Black "Spal, Milan"]
[Result "0-1"]
[WhiteElo "1972"]
[BlackElo "2233"]
[PlyCount "32"]

1. d4 g6 2. c4 Bg7 3. Nc3 c5 4. d5 Bxc3+ 5. bxc3 f5 6. e3 d6 7. Bd3 Nf6 8. Ne2
e5 9. dxe6 Bxe6 10. O-O Nc6 11. Ng3 O-O 12. Qe2 Ng4 13. e4 f4 14. Nh1 Qh4 15.
Bxf4 Rxf4 16. h3 Nge5 0-1

[Event "Strmilov 2004"]
[Site "?"]
[Date "2004.05.09"]
[Round "9"]
[White "Klima, Lukas"]
[Black "Dolezal, Jiri"]
[Result "1-0"]
[WhiteElo "2426"]
[BlackElo "2222"]
[PlyCount "79"]

1. e4 e5 2. Nf3 Nc6 3. Bb5 a6 4. Ba4 Nf6 5. Qe2 b5 6. Bb3 Be7 7. O-O O-O 8. c3
d6 9. h3 Na5 10. Bc2 c5 11. Rd1 Qc7 12. d3 h6 13. Nbd2 Be6 14. Nf1 Rfe8 15. Ng3
Nh7 16. Nh2 Rad8 17. Ng4 Bg5 18. Ne3 Nc6 19. Qf3 Nd4 20. cxd4 cxd4 21. Bb3 dxe3
22. Bxe3 Bxe3 23. Qxe3 Nf6 24. Rac1 Qb7 25. Bxe6 fxe6 26. d4 exd4 27. Rxd4 d5
28. e5 Nh7 29. Rg4 Kh8 30. Nh5 Re7 31. Rc5 Rf7 32. h4 Nf8 33. b4 Qd7 34. Qd4
Qb7 35. Rg3 Qa7 36. Qd2 Qb7 37. Rcc3 Rdd7 38. Rg4 Rf5 39. Nf6 Rxe5 40. Qxh6+
1-0

[Event "Strmilov 2004"]
[Site "?"]
[Date "2004.05.09"]
[Round "9"]
[White "Pahorecky, Jiri"]
[Black "Hruby, Milan"]
[Result "1/2-1/2"]
[WhiteElo "1752"]
[BlackElo "2108"]
[PlyCount "81"]

1. e4 e5 2. Nf3 Nc6 3. Bb5 Nf6 4. O-O Bc5 5. c3 O-O 6. Re1 Bb6 7. Bxc6 bxc6 8.
Nxe5 Re8 9. d4 c5 10. Bg5 d6 11. Nc4 h6 12. Bxf6 Qxf6 13. Nxb6 axb6 14. dxc5
dxc5 15. Nd2 Qg6 16. Nf1 Bb7 17. Ng3 Bxe4 18. Nxe4 Rxe4 19. Qd5 Rae8 20. Rxe4
Qxe4 21. Qxe4 Rxe4 22. Kf1 Kf8 23. Re1 Rh4 24. h3 Ra4 25. a3 f6 26. Re3 Kf7 27.
Ke2 g5 28. Kd3 Rf4 29. f3 c4+ 30. Ke2 h5 31. g3 Rf5 32. Re4 Rb5 33. Rxc4 Rxb2+
34. Ke3 c5 35. h4 Rg2 36. hxg5 fxg5 37. a4 g4 38. a5 bxa5 39. fxg4 Rxg3+ 40.
Kf2 Rxg4 41. Rxc5 1/2-1/2

[Event "Strmilov 2004"]
[Site "?"]
[Date "2004.05.09"]
[Round "9"]
[White "Pahorecky ml., Jiri"]
[Black "Divis, Jan"]
[Result "1-0"]
[WhiteElo "1946"]
[BlackElo "1717"]
[PlyCount "97"]

1. e4 g6 2. d4 Bg7 3. c3 d6 4. f4 Nf6 5. Bd3 O-O 6. Nf3 c5 7. dxc5 dxc5 8. e5
Ne8 9. Be3 Qc7 10. Qe2 Bg4 11. O-O Nd7 12. Nbd2 Rc8 13. h3 Bxf3 14. Nxf3 b6 15.
Rad1 Nb8 16. Rd2 Bh8 17. Qf2 Ng7 18. Qh4 f6 19. Bc4+ e6 20. exf6 Nf5 21. Bxe6+
Rf7 22. Bxf7+ Qxf7 23. Qf2 Bxf6 24. a3 Re8 25. Re2 h5 26. g4 hxg4 27. hxg4 Ne7
28. Ng5 Qc4 29. Bc1 Bxg5 30. fxg5 Qxg4+ 31. Qg2 Qxg2+ 32. Kxg2 Nbc6 33. Rf6 Rc8
34. Ree6 Kg7 35. b4 cxb4 36. cxb4 b5 37. Be3 Rc7 38. Bc5 Rd7 39. Rxc6 Nxc6 40.
Rxc6 Rd2+ 41. Kf1 Rd7 42. Ra6 Rd5 43. Rxa7+ Kg8 44. Be7 Kf7 45. Bf6+ Ke6 46.
Ke2 Kf5 47. Rc7 Rd6 48. Rc5+ Kg4 49. Rxb5 1-0

[Event "Strmilov 2004"]
[Site "?"]
[Date "2004.05.09"]
[Round "9"]
[White "Rodling, Robert"]
[Black "Muzikar, Jan"]
[Result "0-1"]
[WhiteElo "1830"]
[BlackElo "1970"]
[PlyCount "98"]

1. d4 Nf6 2. c4 c5 3. d5 b5 4. cxb5 a6 5. bxa6 Bxa6 6. Nc3 g6 7. g3 d6 8. Bg2
Bg7 9. Nf3 O-O 10. O-O Qa5 11. Re1 Nbd7 12. e4 Rfb8 13. h3 Ne8 14. Qc2 Nb6 15.
Bg5 Nc4 16. Rab1 Rxb2 17. Rxb2 Nxb2 18. Bd2 Nc4 19. Rc1 Rb8 20. Nb1 Nxd2 21.
Qxd2 Qxd2 22. Nfxd2 Rb2 23. a3 Nc7 24. Bf1 Bxf1 25. Kxf1 Bd4 26. Ke2 Ra2 27.
Kd3 Bxf2 28. g4 Nb5 29. Rc4 Be1 30. a4 Na3 31. Nxa3 Rxa3+ 32. Ke2 Bxd2 33. Kxd2
Rxh3 34. Kc2 f5 35. exf5 gxf5 36. gxf5 Kf7 37. Kb2 Kf6 38. a5 Rg3 39. Rh4 Rg7
40. a6 Rg8 41. Rxh7 Ra8 42. Rh6+ Kg7 43. Re6 Rxa6 44. Rxe7+ Kf6 45. Rc7 Ke5 46.
f6 Kxf6 47. Rc6 Rxc6 48. dxc6 Ke6 49. Kb3 Ke7 0-1

[Event "Strmilov 2004"]
[Site "?"]
[Date "2004.05.09"]
[Round "9"]
[White "Ruzicka, Ales"]
[Black "Ruzicka, Vojtech"]
[Result "0-1"]
[WhiteElo "1464"]
[BlackElo "1772"]
[PlyCount "32"]

1. e4 e6 2. d4 d5 3. Nd2 dxe4 4. Nxe4 Be7 5. Nf3 Nf6 6. Bd3 Nc6 7. Bf4 Nd5 8.
Bg3 f5 9. c4 fxe4 10. cxd5 Qxd5 11. Ne5 Bb4+ 12. Kf1 exd3 13. Qh5+ g6 14. Qh6
Qxd4 15. Qg7 Rf8 16. Rd1 Nxe5 0-1

[Event "Strmilov 2004"]
[Site "?"]
[Date "2004.05.09"]
[Round "9"]
[White "Slajs, Vlastimil"]
[Black "Trepka, Jan"]
[Result "0-1"]
[WhiteElo "1925"]
[BlackElo "1855"]
[PlyCount "84"]

1. d4 Nf6 2. c4 b6 3. Nc3 Bb7 4. Nf3 d5 5. Bf4 e6 6. e3 Bb4 7. Qa4+ Nc6 8. Ne5
Bxc3+ 9. bxc3 O-O 10. Bd3 dxc4 11. Nxc4 Nd5 12. Qc2 h6 13. Bg3 b5 14. Nd2 b4
15. c4 Nc3 16. O-O Qe7 17. f4 f6 18. a4 a5 19. Nb3 e5 20. Nc5 Bc8 21. fxe5 fxe5
22. Rxf8+ Qxf8 23. Rf1 Qe7 24. Bh7+ Kh8 25. Bg6 exd4 26. Qf2 Bg4 27. exd4 Nd1
28. Qf7 Qxf7 29. Rxf7 Nxd4 30. Be5 Ne2+ 31. Kf1 Ne3+ 32. Kf2 Nd1+ 33. Ke1 Rd8
34. Ne4 Nec3 35. Nxc3 bxc3 36. Kf1 Ne3+ 37. Kf2 c2 38. Bxg7+ Kg8 39. Bb2 Nd1+
40. Kg3 Nxb2 41. Rf1 Be2 42. Rc1 Rd3+ 0-1

[Event "Strmilov 2004"]
[Site "?"]
[Date "2004.05.09"]
[Round "9"]
[White "Steinhauser, Antonin"]
[Black "Straka, Zdenek"]
[Result "1-0"]
[WhiteElo "1714"]
[BlackElo "1913"]
[PlyCount "35"]

1. e4 g6 2. d4 Bg7 3. Nc3 d6 4. Be3 c6 5. Nf3 Qc7 6. Bc4 Nd7 7. Bxf7+ Kxf7 8.
Ng5+ Ke8 9. Ne6 Qa5 10. Nxg7+ Kf7 11. Ne6 Kxe6 12. Bd2 Qa6 13. Qf3 Ngf6 14. g4
Rf8 15. Bh6 Rf7 16. d5+ cxd5 17. exd5+ Nxd5 18. Qxd5+ 1-0

[Event "Strmilov 2004"]
[Site "?"]
[Date "2004.05.09"]
[Round "9"]
[White "Steinhauser, Dominik"]
[Black "Prochazka, Pavel"]
[Result "1-0"]
[WhiteElo "1753"]
[BlackElo "1643"]
[PlyCount "69"]

1. e4 e5 2. d4 exd4 3. c3 d3 4. Bxd3 Bc5 5. Nf3 d6 6. O-O Ne7 7. Bf4 O-O 8. Qc2
Ng6 9. Bg3 Bg4 10. Nbd2 Nd7 11. h3 Bh5 12. Kh1 a5 13. Nh2 Nge5 14. f4 Nxd3 15.
Qxd3 Kh8 16. Nhf3 h6 17. Bh4 Qb8 18. g4 Bg6 19. f5 Bh7 20. g5 h5 21. g6 fxg6
22. Ng5 Ne5 23. Qe2 Nf7 24. Nxh7 Kxh7 25. fxg6+ Kxg6 26. Rg1+ Bxg1 27. Rxg1+
Kh6 28. Qg2 g5 29. Bxg5+ Kh7 30. Qf3 Nxg5 31. Qxh5+ Kg7 32. Rxg5+ Kf6 33. Rg6+
Ke7 34. Rg7+ Kd8 35. Qg5+ 1-0

[Event "Strmilov 2004"]
[Site "?"]
[Date "2004.05.09"]
[Round "9"]
[White "Steinhauser, Frantisek"]
[Black "Novak, Rudolf"]
[Result "1-0"]
[WhiteElo "1775"]
[BlackElo "1557"]
[PlyCount "85"]

1. e4 c5 2. Nf3 d6 3. d4 cxd4 4. Nxd4 Nf6 5. Nc3 a6 6. f4 e6 7. Nf3 Qc7 8. Bd3
Nc6 9. O-O Be7 10. Be3 Ng4 11. Qe2 Nxe3 12. Qxe3 O-O 13. f5 d5 14. fxe6 d4 15.
Nd5 Qxh2+ 16. Kxh2 dxe3 17. Nxe7+ Nxe7 18. exf7+ Kh8 19. Ne5 b5 20. Kg3 Be6 21.
Rae1 Rac8 22. Rxe3 Rc5 23. Rf5 Rc7 24. Rf4 Rc5 25. Ng4 Ng6 26. Rf5 Rc7 27. Rh5
Bxg4 28. Kxg4 Rcxf7 29. e5 Kg8 30. e6 Re7 31. Bxg6 hxg6 32. Rd5 Rfe8 33. Rd6 a5
34. Kg5 Kh7 35. Re2 Rc8 36. Rd5 Rb8 37. g4 Kg8 38. Kxg6 a4 39. Rd7 Rbe8 40.
Rxe7 Rxe7 41. Kf5 Kf8 42. Rh2 g6+ 43. Kf6 1-0

[Event "Strmilov 2004"]
[Site "?"]
[Date "2004.05.09"]
[Round "9"]
[White "Steinhauser, Frantisek"]
[Black "Novak, Rudolf"]
[Result "1-0"]
[WhiteElo "1775"]
[BlackElo "1557"]
[PlyCount "50"]

1. e4 c5 2. Nf3 d6 3. d4 cxd4 4. Nxd4 a6 5. Nc3 Nf6 6. f4 e6 7. Nf3 Qc7 8. Bd3
Nc6 9. O-O Be7 10. Be3 Ng4 11. Qe2 Nxe3 12. Qxe3 O-O 13. f5 d5 14. fxe6 d4 15.
Nd5 Qxh2+ 16. Kxh2 dxe3 17. Nxe7+ Nxe7 18. exf7+ Kh8 19. Ne5 b5 20. Kg3 Be6 21.
Rae1 Rac8 22. Rxe3 Rc5 23. Rf5 Rc7 24. Rf4 Rc5 25. Ng4 Rf5 1-0

[Event "Strmilov 2004"]
[Site "?"]
[Date "2004.05.09"]
[Round "9"]
[White "Vybiral, Zdenek"]
[Black "Janecek, Josef"]
[Result "1/2-1/2"]
[WhiteElo "2233"]
[BlackElo "2099"]
[PlyCount "89"]

1. d4 d5 2. Nf3 Nf6 3. c4 e6 4. Nc3 c6 5. cxd5 exd5 6. Bg5 Be7 7. Qc2 O-O 8. e3
h6 9. Bh4 Be6 10. Be2 Nbd7 11. O-O Rc8 12. Qb3 Qb6 13. Nd2 Qxb3 14. Nxb3 Bb4
15. f3 Bf5 16. g4 Bg6 17. Rac1 Rfe8 18. Bf2 c5 19. Bb5 Bxc3 20. bxc3 a6 21. Be2
c4 22. Nd2 b5 23. Rfe1 Nb6 24. Bf1 Na4 25. Bh4 Rc6 26. Bxf6 Rxf6 27. e4 dxe4
28. fxe4 Rf4 29. h3 Nb2 30. Rb1 Na4 31. Bg2 Nxc3 32. Rb2 Kf8 33. Rc2 Nd5 34.
Rcc1 Nb4 35. Nxc4 bxc4 36. Rxc4 Nd3 37. Re3 Nf2 38. d5 h5 39. gxh5 Bxh5 40. d6
Rd8 41. Rc5 Bg6 42. e5 Nd3 43. Ra5 Rb4 44. Rxa6 Rb5 45. e6 1/2-1/2